000 00501nam a22001577a 4500
008 211026b ||||| |||| 00| 0 eng d
020 _a0385500521
050 _aD25.5.H25 2001
100 _aHanson, Victor D.
_950671
245 _aCarnage and culture
_blandmark battles in the rise of Western power
_c/by Victor Davis Hanson
260 _aNew York:
_bDoubleday,
_c2001
300 _axvii, 492p.;
_c25cm.
650 _aBattle
_950672
650 _aHistory, Military
_926951
942 _2lcc
_cMONOGRAPH
999 _c130974
_d130974